Odgadnij piosenkę i wykonawcę #1 - Statystyki

Ogólne statystyki
  • Ten quiz został rozwiązany 51 razy
  • Średni wynik to 8 z 30
Statystyki odpowiedzi
Hint Odpowiedź % Poprawnych
Wykonawca utworu Perfect
68%
Wykonawca utworu Łzy
63%
Rozczarował się, bo takie są zawody miłosne Cierpiał całą jesień, zimę, no i wiosnę A gdy przeszło mu zupełnie pojechał na wakacje W tamto miejsce, by zobaczyć tę pamiętną ubikację Agnieszka
56%
Stu różnych ról Czym ugasić mój ból Nauczyło mnie życie jak nikt W wyrku na wznak Przechrapałem swój czas Najlepszy czas Autobiografia
54%
Wykonawca utworu Ich Troje
39%
Wykonawca utworu Weekend
39%
Jej ramiona ukojeniem dla mnie są, bo przy niej czuję jak smakuje miłość i każdą chwilę pragnę ofiarować bo, jest tego warta, nic się nie zmieniło... Ona tańczy dla mnie
37%
Wykonawca utworu Krzysztof Krawczyk
34%
Wykonawca utworu Lombard
34%
Proszę, poczekajcie Sen rozpłynął się w świtu płomieniach Nie chcesz chyba powrócić jak Eos W lekkich jak motyl marzeniach Powiedz
29%
A spiker cedził ostre słowa, Od których nagła wzbierała złość. I począł w Tobie gniew kiełkować Aż pomyślałeś - milczenia dość! Przeżyj to sam
29%
Jestem piasku ziarenkiem w klepsydrze Zabłąkaną łódeczką wśród raf Kroplą deszczu Trzciną myślącą wśród traw... Ale jestem
27%
Wykonawca utworu Anna Maria Jopek
27%
Wykonawca utworu Enej
27%
Wykonawca utworu Doda
24%
Wykonawca utworu Myslovitz
24%
Lecz kiedy dziadek fajkę zapalił
Tytoń mu zaczął płuca grzać
Dziadek coś nucił, tytoń się palił
Marzył, by wieki mógł tam trwać!
Parostatek
24%
Wykonawca utworu Sylwia Grzeszczak
24%
Wykonawca utworu Seweryn Krajewski
17%
Na życiowym torze
Wybierz swoją drogę.
Ale ufaj swej fantazji,
Daj się ponieść wyobraźni.
Wtedy każdy twój dzień,
Stanie się słonecznym dniem!
A minuta to jak wieczność,
W której każda chwila to szaleństwo!
Tak smakuje życie
17%
Spróbuj wziąć z tego coś To przecież Twoje życie jest Popełniaj błędy i naprawiaj je Gdy dotkniesz dna - odbijaj się Wykorzystaj czas Drugiego już nie będziesz miał! Acidland
15%
Nie przeczytasz o nim w żadnym z pism Kolorowy film nie zwiedzie Cię To co w życiu najważniejsze jest W głębi Twego serca zawsze rodzi się Czasem ma wspaniały gest Czasem sypnie piaskiem w oczy Samo życie
15%
Wykonawca utworu Stachursky
15%
...co się wyciera,
Strzępi przez lata,
Lecz jeśli chcemy,
Te wszystkie dziury
Miłością da się załatać.
Tkanina
15%
Zaplanujemy mały trip Gdzieś na orbicie kilka dni Stamtąd najlepiej widać nas Czego za dużo, czego brak Och i ach
12%
Nie wybrałeś mnie, żegnaj więc Nie, nie, nie chcę żyć jak cień Nie wybrałeś mnie, żegnaj więc Nie, nie, nie atakuj mnie Katharsis
10%
Wykonawca utworu Wiktor Dyduła
5%
Wykonawca utworu Borysewicz & Kukiz
2%
Wszystko, co na świecie Wszystko ma swój czas Raz jest dobrze, a raz nie Czasem krzykniesz: "nie" A czasem cichuteńko powiesz: "tak" Tak jest... Jest taki dzień
2%
Kocham twoje Abracadabra Jednym słowem poprawiasz mi dzień Żyję w twoich czasach Poszczęściło mi się I nie chcę stąd zawracać Przy tobie to wiem Tam słońce gdzie my
0%
Nie znaleziono quizów pasujących do podanych kryteriów
Rozkład punktacji
Procent ludzi z każdym wynikiem
Percentyl według liczby udzielonych odpowiedzi
Twoja historia wyników
Nie rozwiązałeś tego quizu